Normal view
MARC view
Entry Geographic Name
001 - CONTROL NUMBER
- control field: 28025
003 - CONTROL NUMBER IDENTIFIER
- control field: OSt
005 - DATE AND TIME OF LATEST TRANSACTION
- control field: 20230714142612.0
008 - FIXED-LENGTH DATA ELEMENTS
- fixed length control field: 230714|| aca||aabn | a|a d
040 ## - CATALOGING SOURCE
- Original cataloging agency: OSt
- Transcribing agency: OSt
151 ## - HEADING--GEOGRAPHIC NAME
- Geographic name: မြန်မာနိုင်ငံ
- Form subdivision: သမိုင်း
- General subdivision: ကုန်းဘောင်ခေတ်။
670 ## - SOURCE DATA FOUND
- Source citation: Work cat.: (OSt): သိန်းကြီး၊ ဆရာ၊ မော်ပီ။ 28024, ပစပ်ရာဇဝင် ပ-ဒု နှစ်တွဲပေါင်း /, ၁၉၆၇။